Statistics for NATO leaders

Click here to take the quiz!

General Stats

  • This quiz has been taken 15 times
  • The average score is 8 of 29

Answer Stats

CountryAnswer% Correct
United StatesJoe Biden
93%
United KingdomBoris Johnson
87%
FranceEmmanuel Macron
73%
GermanyAngela Merkel
67%
CanadaJustin Trudeau
67%
TurkeyRecep Tayyip Erdoğan
60%
NetherlandsMark Rutte
33%
SpainPedro Sánchez
33%
Czech RepublicMiloš Zeman
27%
BelgiumAlexander De Croo
20%
LatviaEgils Levits
20%
IcelandGuðni Th. Jóhannesson
20%
HungaryJános Áder
20%
DenmarkMette Frederiksen
20%
ItalySergio Mattarella
20%
LuxembourgXavier Bettel
20%
CroatiaZoran Milanović
20%
AlbaniaAlbania
13%
PolandAndrzej Duda
13%
LithuaniaGitanas Nausėda
13%
GreeceKaterina Sakellaropoulou
13%
BulgariaRumen Radev
13%
MontenegroMilo Đukanović
7%
SloveniaBorut Pahor
0%
NorwayErna Solberg
0%
EstoniaKersti Kaljulaid
0%
PortugalMarcelo Rebelo de Sousa
0%
North MacedoniaStevo Pendarovski
0%
SlovakiaZuzana Čaputová
0%

Score Distribution

Percentile by Number Answered

Percent of People with Each Score

Your Score History

You have not taken this quiz